Najbardziej zaludnione kraje świata - Statystyki

Ogólne statystyki
  • Ten quiz został rozwiązany 655 razy
  • Średni wynik to 11 z 15
Statystyki odpowiedzi
Kraje % Poprawnych
Chiny
99%
Indie
97%
Stany Zjednoczone
97%
Rosja
95%
Brazylia
87%
Japonia
82%
Meksyk
78%
Indonezja
72%
Nigeria
68%
Egipt
64%
Pakistan
62%
Bangladesz
61%
Filipiny
42%
Wietnam
42%
Etiopia
39%
Nie znaleziono quizów pasujących do podanych kryteriów
Rozkład punktacji
Procent ludzi z każdym wynikiem
Percentyl według liczby udzielonych odpowiedzi
Twoja historia wyników
Nie rozwiązałeś tego quizu